| 000 | 00957na a2200301 4500 | ||
|---|---|---|---|
| 001 | 23967 | ||
| 003 | MIRAKIL | ||
| 005 | 20181213155325.0 | ||
| 008 | 180201b tu 000 0 | ||
| 020 | _a9786056337062 | ||
| 040 |
_aMilas _btur _cTR-AnCHP |
||
| 041 | _atur | ||
| 082 |
_a910.95622611 _bG98b 2017 |
||
| 090 | _a910.95622611 G98b 2017 | ||
| 100 | _aGüven, Ali Murat | ||
| 245 |
_aBüyük medeniyetlerin büyük kenti Büyükçekmece _cyazarlar Ali Murat Güven, Arif Kolay, Cengiz Özkarabekir ...[ve öte.] |
||
| 260 |
_aİstanbul _bBatı İstanbul Vakfı _c2017 _fBilnet Matbaacılık |
||
| 300 |
_a319 s. _bfotğ. , tbl. _c33 sm. |
||
| 504 | _aKaynakça var. | ||
| 650 |
_aTarih _zBüyükçekmece, İstanbul |
||
| 651 |
_aBüyükçekmece, İstanbul _xTarih |
||
| 700 | _aMemiş, Şefik | ||
| 700 | _aÜstün, Hulusi | ||
| 700 | _aHürel, Haldun | ||
| 700 | _aÖzkarabekir, Cengiz | ||
| 700 | _aKolay, Arif | ||
| 942 |
_2ddc _cBKS |
||
| 999 |
_c10533 _d10533 |
||